LEADER 01322nam0-22003011i-450- 001 990000113700403321 035 $a000011370 035 $aFED01000011370 035 $a(Aleph)000011370FED01 035 $a000011370 100 $a20011111d--------km-y0itay50------ba 101 0 $aita 105 $ay-------001yy 200 1 $aVerhandlungen der vom 27 september bis 7 october 1892 in Bruxelles abgehaltenen zehnten allgemeinen conferenz derInternationalen ermessung un deren Permanent commission$fredigirt vom standigen secretar = Comptes-rendus des seances de la dixième conférence générale de l'Association géodesique internationale et de sa Commission permanente <...>$fredigée par le secretaire <...> A. Hirsch. 210 $aBerlin$cG. Reimer$d1895 215 $a685 p., 14 c. geogr.$cill.$d28 cm 610 0 $aGeodesia$aCongressi$a1895 676 $a526.1 702 1$aHirsch,$bAdolph 710 02$aInternationale Erdmessung$0333270 801 0$aIT$bUNINA$gRICA$2UNIMARC 901 $aBK 912 $a990000113700403321 952 $a13 G 06 13$b6339$fFINBC 959 $aFINBC 996 $aVerhandlungen der vom 27 september bis 7 october 1892 in Bruxelles abgehaltenen zehnten allgemeinen conferenz derInternationalen ermessung un deren Permanent commission$9115376 997 $aUNINA DB $aING01 LEADER 01368oam 2200433zu 450 001 9910482886703321 005 20240103200732.0 035 $a(CKB)1000000000751014 035 $a(SSID)ssj0000508671 035 $a(PQKBManifestationID)12212638 035 $a(PQKBTitleCode)TC0000508671 035 $a(PQKBWorkID)10563169 035 $a(PQKB)10300123 035 $a(EXLCZ)991000000000751014 100 $a20160829d1990 uy 101 0 $aeng 181 $ctxt 182 $cc 183 $acr 200 10$aAnalytic statistical models 210 31$a[Place of publication not identified]$cInstitute of Mathematical Statistics$d1990 225 0 $aLecture notes-monograph series Analytic statistical models 300 $aBibliographic Level Mode of Issuance: Monograph 311 $a0-940600-20-X 606 $aMathematical statistics$xAsymptotic theory 606 $aMathematics$2HILCC 606 $aPhysical Sciences & Mathematics$2HILCC 606 $aMathematical Statistics$2HILCC 615 0$aMathematical statistics$xAsymptotic theory. 615 7$aMathematics 615 7$aPhysical Sciences & Mathematics 615 7$aMathematical Statistics 676 $a519.5 700 $aSkovgaard$b Ib M.$00 801 0$bPQKB 906 $aBOOK 912 $a9910482886703321 996 $aAnalytic statistical models$92205779 997 $aUNINA